000 00482nam a2200181Ia 4500
001 16075
005 20260306170243.0
008 260306t2008||||xx |||||||||||||| ||und||
041 _aESP
082 _a346.6
_bL87
100 _aLópez Guzmán, Fabián
_eAUT
245 0 _aEl contrato de franquicia internacional:
_bun modelo estratégico empresarial
260 _c2008
300 _axxi, 681 páginas :
_c24 cm.
650 _aGEN
654 _aCDE
942 _cLIB
_dJUS
_fJUS
_2ddc
_n
999 _c16075
_d16075